| 000 | 00606nam a22001937a 4500 | ||
|---|---|---|---|
| 003 | KOHA_MİRAKIL | ||
| 005 | 20260415095754.0 | ||
| 008 | 260415b tu ||||| |||| 00| 0 tur d | ||
| 040 |
_aTR-AnABB _btur _cTR-AnABB |
||
| 041 | _aeng | ||
| 082 |
_a307.12 _bNEU 1973 |
||
| 100 | 1 | _aNeutze, G. Max | |
| 245 | 1 | 4 |
_aThe price of land and land use planning : _bpolicy instruments in the urban land market / _cG. Max Neutze |
| 260 |
_aParis : _b[yayl. y.] , _c1973 |
||
| 300 |
_a95 sayfa ; _c30 cm |
||
| 650 | 0 | 4 | _aBölge planlama |
| 650 | 0 | 4 | _aArazi kullanımı, planlama |
| 942 |
_2ddc _cBK |
||
| 999 |
_c10258 _d10258 |
||
| 900 | _bCan ÇELIK | ||